000 00483nam a2200169Ia 4500
005 20250111131710.0
008 240806s9999||||xx |||||||||||||| ||eng||
041 _ahin
082 _a891.4309
_bNAGH
100 _aNagendra
245 0 _aHindi sahitya ka itihas /
_cNagendra
260 _aNoida:
_bMayur Paperbacks
300 _a869p.
650 _aHindi
880 _6245
_aहिंदी साहित्य का इतिहास / नागेन्द्र
942 _cBK
999 _c5945
_d5945